000 00525nam a2200205Ia 4500
005 20250326144739.0
008 250326s9999 xx 000 0 und d
037 _aTextbook
040 _aFMSL
_beng
_cFMSL
041 _aeng
_2eng
084 _aX:72 Q0
_qFMSL
100 _aHall R E
_9328355
245 0 _aMacroeconomics
_cHall R E; Papell D H
250 _a6
260 _aNew Delhi
_bNew Delhi, Viva
_c2010
365 _b795
650 _aManagement
942 _cTB
_hX:72 Q0
999 _c1304862
_d1304862